|
|
|
|
| LEADER |
00887ncm a22002412a 4500 |
| 001 |
001242833 |
| 003 |
CZ BrMZK |
| 005 |
20120827125536.0 |
| 007 |
qu |
| 008 |
120827s1910 gw |||||||||||||||||zxx d |
| 040 |
|
|
|a BOA001
|b cze
|
| 072 |
|
7 |
|a 787
|x Hudba pro strunné a smyčcové nástroje
|2 Konspekt
|9 9
|
| 100 |
1 |
|
|a Bellini, Vincenzo,
|d 1801-1835
|7 jn20000600787
|4 cmp
|
| 245 |
1 |
0 |
|a Norma.
|n [1], Klavierbegleitung
|h [hudebnina] :
|b Ouvertüre /
|c Vincenzo Bellini ; für Violine und Klavier bearb. von L. Windsperger
|
| 260 |
|
|
|a Mainz :
|b Schott,
|c [1910]
|
| 300 |
|
|
|a 11 s.
|
| 490 |
1 |
|
|a Edition Schott ;
|v Nr. 03421, 03422
|
| 700 |
1 |
|
|a Windsperger, Lothar,
|d 1885-1935
|7 xx0025290
|4 arr
|
| 830 |
|
0 |
|a Edition Schott
|
| 910 |
|
|
|a BOA001
|b Mus4-0467.947,1
|
| 990 |
|
|
|a MU
|
| 991 |
|
|
|b 201208
|
| 996 |
6 |
|
|b 2619075065
|c Mus4-0467.947,1
|l MZK
|r Sklad / do 1 hodiny
|n 0
|w 001276890
|u 000010
|a 1
|e BOA001
|j MZK50
|s P
|